00650nam a2200205 i 4500001000300000100003500003245006600038250001400104260002100118650002600139655003000165040000800195041000800203080002100211942000700232008004100239999001700280856009800297952004900395bg1 aDomański, Ryszardd(1928- ).10aTeoretyczne podstawy geografii ekonomicznej /cR. Domański. aWyd.2 zm. aWarszawa,c1987. 9aGeografia gospodarcza aPodręczniki akademickie cBPK apol a911.3::33(075.8) cKS s pl f |000 0 pol  c23456d23456 uhttp://koha.tu.koszalin.pl/cgi-bin/koha/opac-detail.pl?biblionumber=23456yKatalog online BPK 00104070aBPKbBPKcwo33562p01018271yKS